000 01114nas a2200313 4500
001 BR8301595
003 BR-BrBNA
005 20231205085508.0
007 ta
008 230509b bl.|||p| |||| 00| 00por d
040 _aBR-BrBNA
_bpor
_cBiblioteca Nacional de Agricultura
041 _a(Pt)
072 _aM10
100 1 _aBarbieri, G.
100 1 _aMarins, M. de A.
100 1 _aVerani, J.R.
100 1 _aBarbieri, M.C.
100 1 _aPeret, A.C.
100 1 _aPereira, J.A.
245 1 _aComportamento reprodutivo de Tilapia rendalli (Boulenger, 1896)na represa do Monjolinho, em Sao Carlos, estado de Sao Paulo (Pisces, Cichlidae)[tilapia, Brasil]
246 1 _a[Reproductive behaviour of Tilapia rendalli (Boulenger, 1896)in Monjolinho dam, in Sao Carlos, Sao Paulo state (Pisces, Cichlidae)[tilapia, Brazil]]
650 _aTILAPIA
650 _aCOMPORTAMENTO SEXUAL
650 _aSAO CARLOS
650 _aSAO PAULO
773 0 _tRevista Ceres (Brazil)
_xISSN 0034-737X
_g(Mar 1983), v. 30(168) p. 117-132
_wBR8301595
909 _a202311
_bLúcia
_c55
_dLúcia Elande
942 _2AGRIS
_n0
_cANA
999 _c111792
_d111792